Popular ports in Africa(Shipping) Quiz Stats

 Plays Quiz not verified by Sporcle

Challenge
Share
Tweet
Embed
Score 0/31 Timer 10:00
0 Plays Today
Countries Ports % Correct
Cape Town
83.8%
South AfricaDurban
82.5%
TunesiaTunis
82.5%
SomaliaMogadishu
81.3%
NigeriaLagos
77.5%
MoroccoCasablanca
75%
SenegalDakar
72.5%
Dar es Salaam
71.3%
AngolaLuanda
67.5%
DjiboutiDjibouti
67.5%
Maputo
66.3%
TogoLome
66.3%
Sierra LeoneFreetown
65%
LiberiaMonrovia
62.5%
KenyaMombasa
60%
Cote D'ivoireAbidjan
60%
Countries Ports % Correct
GuineaConakry
55%
CameroonDouala
46.3%
MauritaniaNouakchott
45%
AlgeriaOran
35%
NamibiaWalvis Bay
23.8%
Beira
22.5%
Alger
16.3%
MadagascarToamasina
13.8%
CongoPointe Noire
12.5%
GhanaTema
12.5%
TanzaniaTanga
10%
MozambiqueNacala
8.8%
MauritiusPort Luis
8.8%
BeninPort Novo
7.5%
D.R.CongoMatadi
5%

You're not logged in!

Compare scores with friends on all Sporcle quizzes.
OR
Log In

You Might Also Like...

Show Comments

Extras

Top Quizzes Today


Score Distribution

Your Account Isn't Verified!

In order to create a playlist on Sporcle, you need to verify the email address you used during registration. Go to your Sporcle Settings to finish the process.

Report this User

Report this user for behavior that violates our Community Guidelines.

Details: